<?xml version="1.0" encoding="UTF-8"?>
<record
    xmlns:xsi="http://www.w3.org/2001/XMLSchema-instance"
    xsi:schemaLocation="http://www.loc.gov/MARC21/slim http://www.loc.gov/standards/marcxml/schema/MARC21slim.xsd"
    xmlns="http://www.loc.gov/MARC21/slim">

  <leader>03688cam a2200445 a 4500</leader>
  <controlfield tag="001">15716193</controlfield>
  <controlfield tag="003">OSt</controlfield>
  <controlfield tag="005">20260218151024.0</controlfield>
  <controlfield tag="008">090428s2009    ilu      b    001 0 eng  </controlfield>
  <datafield tag="010" ind1=" " ind2=" ">
    <subfield code="a">  2009017674</subfield>
  </datafield>
  <datafield tag="020" ind1=" " ind2=" ">
    <subfield code="a">9780830827442</subfield>
    <subfield code="q">pbk. : USA : alk. paper</subfield>
  </datafield>
  <datafield tag="020" ind1=" " ind2=" ">
    <subfield code="a">0830827447</subfield>
    <subfield code="q">pbk. : USA : alk. paper</subfield>
  </datafield>
  <datafield tag="020" ind1=" " ind2=" ">
    <subfield code="a">9781844742073</subfield>
    <subfield code="q">pbk. : UK : alk. paper</subfield>
  </datafield>
  <datafield tag="020" ind1=" " ind2=" ">
    <subfield code="a">1844742075</subfield>
    <subfield code="q">pbk. : UK : alk. paper</subfield>
  </datafield>
  <datafield tag="035" ind1=" " ind2=" ">
    <subfield code="a">15716193</subfield>
  </datafield>
  <datafield tag="035" ind1=" " ind2=" ">
    <subfield code="a">(OCoLC)294888359</subfield>
  </datafield>
  <datafield tag="040" ind1=" " ind2=" ">
    <subfield code="a">DLC</subfield>
    <subfield code="c">DLC</subfield>
    <subfield code="d">BTCTA</subfield>
    <subfield code="d">YDXCP</subfield>
    <subfield code="d">C#P</subfield>
    <subfield code="d">BWX</subfield>
    <subfield code="d">SGB</subfield>
    <subfield code="d">DLC</subfield>
  </datafield>
  <datafield tag="050" ind1="0" ind2="0">
    <subfield code="a">BT180.W67</subfield>
    <subfield code="b">W37 2009</subfield>
  </datafield>
  <datafield tag="082" ind1="0" ind2="0">
    <subfield code="a">220.1/3</subfield>
    <subfield code="2">22</subfield>
  </datafield>
  <datafield tag="100" ind1="1" ind2=" ">
    <subfield code="a">Ward, Timothy,</subfield>
    <subfield code="d">1967-</subfield>
  </datafield>
  <datafield tag="245" ind1="1" ind2="0">
    <subfield code="a">Words of life :</subfield>
    <subfield code="b">Scripture as the living and active word of God /</subfield>
    <subfield code="c">Timothy Ward.</subfield>
  </datafield>
  <datafield tag="260" ind1=" " ind2=" ">
    <subfield code="a">Downers Grove, Ill. :</subfield>
    <subfield code="b">IVP Academic,</subfield>
    <subfield code="c">c2009.</subfield>
  </datafield>
  <datafield tag="300" ind1=" " ind2=" ">
    <subfield code="a">184 p. ;</subfield>
    <subfield code="c">23 cm.</subfield>
  </datafield>
  <datafield tag="336" ind1=" " ind2=" ">
    <subfield code="a">text</subfield>
    <subfield code="b">txt</subfield>
    <subfield code="2">rdacontent</subfield>
  </datafield>
  <datafield tag="337" ind1=" " ind2=" ">
    <subfield code="a">unmediated</subfield>
    <subfield code="b">n</subfield>
    <subfield code="2">rdamedia</subfield>
  </datafield>
  <datafield tag="338" ind1=" " ind2=" ">
    <subfield code="a">volume</subfield>
    <subfield code="b">nc</subfield>
    <subfield code="2">rdacarrier</subfield>
  </datafield>
  <datafield tag="504" ind1=" " ind2=" ">
    <subfield code="a">Includes bibliographical references and indexes.</subfield>
  </datafield>
  <datafield tag="505" ind1="0" ind2=" ">
    <subfield code="a">Introduction: God and the Bible -- God and Scripture : a biblical outline -- God's action and his words -- The Old Testament -- The New Testament -- God's person and his words -- God's words and human words -- Christ's words, and God's action and person -- Christ's words and human words -- God's words and the Bible -- The Trinity and Scripture : a theological outline -- The Father and Scripture : the covenant book -- Redemption and Scripture -- Revelation and Scripture -- The Son and Scripture : the words of the Word -- Jesus and the Bible as both 'Word of God' -- Scripture and the incarnation -- The Holy Spirit and Scripture : the God-breathed word -- The inspiration of Scripture -- The preservation of Scripture -- The illumination of Scripture -- Summary -- The attributes of Scripture : a doctrinal outline -- The necessity of Scripture -- The sufficiency of Scripture  -- The clarity of Scripture -- Preaching and a clear Bible -- Diverse interpretations and a clear Bible -- Defining the clarity of Scripture -- The authority of Scripture -- The nature of biblical authority-- Inerrancy and infallibility -- The Bible and Christian life : the doctrine of Scripture applied -- The meaning of sola scriptura -- Scripture and the Christian community -- Scripture and preaching -- The Spirit and the Bible -- The Spirit and the preacher -- The Spirit and the people of God -- Scripture and the individual Christian -- Private Bible reading in relation to corporate Bible reading and preaching -- The aim of Bible reading -- Summary.</subfield>
  </datafield>
  <datafield tag="520" ind1=" " ind2=" ">
    <subfield code="a">Ward offers an understanding of the nature of Scripture under three main headings. A biblical outline shows that the words of the Bible form a significant part of God's action in the world. A theological outline focuses on the relationship of Scripture with each of the persons of the Trinity. And a doctrinal outline examines the 'attributes' of Scripture. A final chapter explores some significant areas in which the doctrine of Scripture should be applied. --from publisher description</subfield>
  </datafield>
  <datafield tag="630" ind1="0" ind2="0">
    <subfield code="a">Bible</subfield>
    <subfield code="x">Inspiration.</subfield>
  </datafield>
  <datafield tag="630" ind1="0" ind2="0">
    <subfield code="a">Bible</subfield>
    <subfield code="x">Evidences, authority, etc.</subfield>
  </datafield>
  <datafield tag="650" ind1=" " ind2="0">
    <subfield code="a">Word of God (Christian theology)</subfield>
  </datafield>
  <datafield tag="650" ind1=" " ind2="0">
    <subfield code="a">Language and languages</subfield>
    <subfield code="x">Religious aspects</subfield>
    <subfield code="x">Christianity.</subfield>
  </datafield>
  <datafield tag="650" ind1=" " ind2="0">
    <subfield code="a">Revelation</subfield>
    <subfield code="x">Christianity.</subfield>
  </datafield>
  <datafield tag="650" ind1=" " ind2="0">
    <subfield code="a">Knowledge, Theory of (Religion)</subfield>
  </datafield>
  <datafield tag="906" ind1=" " ind2=" ">
    <subfield code="a">7</subfield>
    <subfield code="b">cbc</subfield>
    <subfield code="c">orignew</subfield>
    <subfield code="d">1</subfield>
    <subfield code="e">ecip</subfield>
    <subfield code="f">20</subfield>
    <subfield code="g">y-gencatlg</subfield>
  </datafield>
  <datafield tag="942" ind1=" " ind2=" ">
    <subfield code="2">lcc</subfield>
    <subfield code="c">BK</subfield>
  </datafield>
  <datafield tag="999" ind1=" " ind2=" ">
    <subfield code="c">21282</subfield>
    <subfield code="d">21281</subfield>
  </datafield>
  <datafield tag="952" ind1=" " ind2=" ">
    <subfield code="0">0</subfield>
    <subfield code="1">0</subfield>
    <subfield code="2">lcc</subfield>
    <subfield code="7">0</subfield>
    <subfield code="a">KABU</subfield>
    <subfield code="b">KABU</subfield>
    <subfield code="c">GEN</subfield>
    <subfield code="d">2026-02-18</subfield>
    <subfield code="e">Donation</subfield>
    <subfield code="i">2025/3392</subfield>
    <subfield code="l">0</subfield>
    <subfield code="o">BT180.W67 W37 2009 C.1</subfield>
    <subfield code="p">38645</subfield>
    <subfield code="r">2026-02-18 15:11:48</subfield>
    <subfield code="t">C.1</subfield>
    <subfield code="w">2026-02-18</subfield>
    <subfield code="y">BK</subfield>
  </datafield>
</record>
